[Event "Oberliga Ost B 2023 2024"]
[Site "?"]
[Date "2024.03.16"]
[Round "8.4"]
[Board "1"]
[White "Gloeckler, Christian"]
[Black "Humburg, Philipp"]
[Result "0-1"]
[WhiteElo "2356"]
[BlackElo "2241"]
[PlyCount "98"]
[EventDate "2023.10.22"]
[EventType "team-tourn"]
[EventCountry "GER"]
[WhiteTeam "Wiesbadener SV"]
[BlackTeam "Marburg SK"]
[WhiteTeamCountry "GER"]
[BlackTeamCountry "GER"]

1. e4 c5 2. Nc3 Nc6 3. Nf3 d6 4. d4 cxd4 5. Nxd4 Nf6 6. Bg5 e6 7. Qd2 a6 8. O-O-O Bd7 9. f3 Nxd4 10. Qxd4 Be7 11. h4 Qc7 12. Be3 h5 13. Kb1 b5 14. Qd2 b4 15. Ne2 a5 16. Bf4 e5 17. Bg5 Rc8 18. Ng3 g6 19. Ba6 Ra8 20. Be2 Rc8 21. Rhf1 Be6 22. f4 exf4 23. Rxf4 Nd7 24. Bxe7 Kxe7 25. Nf5+ gxf5 26. exf5 Ne5 27. fxe6 fxe6 28. Rdf1 Qc5 29. Rf6 a4 30. Qg5 Kd7 31. Qg7+ Kc6 32. Ba6 Kb6 33. Bxc8 Rxc8 34. Qh7 Nc4 35. Qh6 Na3+ 36. Ka1 Nxc2+ 37. Kb1 Na3+ 38. Ka1 Nc2+ 39. Kb1 Ne3 40. Qg6 Nxf1 41. Rxf1 Qd4 42. Qg3 e5 43. Qe1 e4 44. Qe2 e3 45. g3 Qe4+ 46. Ka1 Rc2 47. Qd1 Rd2 48. Qxa4 e2 49. Re1 Qd4 0-1

[Event "Oberliga Ost B 2023 2024"]
[Site "?"]
[Date "2024.03.16"]
[Round "8.4"]
[Board "2"]
[White "Dorst, Johannes"]
[Black "Khenkin, Igor"]
[Result "1/2-1/2"]
[WhiteElo "2183"]
[BlackElo "2511"]
[PlyCount "128"]
[EventDate "2023.10.22"]
[EventType "team-tourn"]
[EventCountry "GER"]
[WhiteTeam "Marburg SK"]
[BlackTeam "Wiesbadener SV"]
[WhiteTeamCountry "GER"]
[BlackTeamCountry "GER"]

1. e4 c5 2. Nf3 Nc6 3. Bb5 d6 4. O-O Bd7 5. Re1 Nf6 6. c3 a6 7. Bc4 Bg4 8. d4 Bxf3 9. gxf3 cxd4 10. cxd4 e5 11. Be3 exd4 12. Bxd4 Be7 13. Nc3 O-O 14. Be3 Rc8 15. Be2 Ne5 16. f4 Nc4 17. Bd4 b5 18. b3 Na3 19. Bd3 b4 20. Ne2 Nb5 21. Bxb5 axb5 22. Ng3 g6 23. Qd2 d5 24. Bxf6 Bxf6 25. e5 Be7 26. Rad1 Qb6 27. Rc1 d4 28. Ne4 Rfd8 29. Rxc8 Rxc8 30. Rd1 Rd8 31. Qd3 Qe6 32. Qf3 f6 33. exf6 Bxf6 34. Nxf6+ Qxf6 35. Qe4 Kg7 36. Rd3 Rd7 37. Kg2 Kf7 38. Kf3 Qf5 39. Qxf5+ gxf5 40. Rd1 Ke6 41. Re1+ Kf6 42. Rc1 Rd6 43. Ke2 d3+ 44. Kd2 Rd4 45. Rc6+ Kg7 46. Rc5 Rxf4 47. Kxd3 Rxf2 48. Rxb5 Rf4 49. Ke3 Re4+ 50. Kf3 Kf6 51. Rc5 Rh4 52. Kg3 Rg4+ 53. Kf3 Rh4 54. Kg3 Rd4 55. Rb5 h5 56. h4 Rg4+ 57. Kh3 Ke6 58. Rc5 Rg1 59. Rb5 f4 60. Rxb4 Ke5 61. Kh2 Rg4 62. Rb5+ Ke4 63. Rxh5 f3 64. Rg5 Rxh4+ 1/2-1/2

[Event "Oberliga Ost B 2023 2024"]
[Site "?"]
[Date "2024.03.16"]
[Round "8.4"]
[Board "3"]
[White "Geske, Julian"]
[Black "Alber, Horst"]
[Result "1-0"]
[WhiteElo "2385"]
[BlackElo "2227"]
[PlyCount "79"]
[EventDate "2023.10.22"]
[EventType "team-tourn"]
[EventCountry "GER"]
[WhiteTeam "Wiesbadener SV"]
[BlackTeam "Marburg SK"]
[WhiteTeamCountry "GER"]
[BlackTeamCountry "GER"]

1. e4 g6 2. d4 Bg7 3. Nc3 d6 4. f4 Nc6 5. Be3 Nf6 6. Nf3 O-O 7. e5 Ng4 8. Bg1 dxe5 9. dxe5 f6 10. Bc4+ Kh8 11. Qxd8 Rxd8 12. h3 Nh6 13. exf6 exf6 14. g4 b6 15. Be3 Bb7 16. Kf2 Nb4 17. Bb3 c5 18. Rac1 f5 19. g5 Ng8 20. a3 Nd5 21. Nxd5 Bxd5 22. Bxd5 Rxd5 23. c4 Rd3 24. Ne5 Bxe5 25. fxe5 f4 26. Bxf4 Rf8 27. Ke2 Rb3 28. Rhf1 Rxb2+ 29. Ke3 Ne7 30. Rcd1 Nf5+ 31. Ke4 Kg8 32. Rfe1 Rc2 33. Kd5 Nd4 34. e6 Nxe6 35. Bd6 Nf4+ 36. Kc6 Rxc4 37. Bxf8 Kxf8 38. Rd8+ Kf7 39. Rd7+ Kf8 40. Ree7 1-0

[Event "Oberliga Ost B 2023 2024"]
[Site "?"]
[Date "2024.03.16"]
[Round "8.4"]
[Board "4"]
[White "Rolle, Eric"]
[Black "Dubkov, Andrej"]
[Result "0-1"]
[WhiteElo "2139"]
[BlackElo "2367"]
[PlyCount "116"]
[EventDate "2023.10.22"]
[EventType "team-tourn"]
[EventCountry "GER"]
[WhiteTeam "Marburg SK"]
[BlackTeam "Wiesbadener SV"]
[WhiteTeamCountry "GER"]
[BlackTeamCountry "GER"]

1. c4 e5 2. Nc3 Bb4 3. Nd5 Bc5 4. Nf3 c6 5. Nc3 d6 6. d4 exd4 7. Nxd4 Nf6 8. e3 O-O 9. Be2 d5 10. O-O dxc4 11. Bxc4 Nbd7 12. h3 Nb6 13. Bb3 Re8 14. a4 a5 15. Qf3 Qe7 16. Bc2 Nc4 17. g4 Ne5 18. Qg2 Ng6 19. Rd1 Qe5 20. Nf3 Qc7 21. Qh2 Qxh2+ 22. Kxh2 Be6 23. Ng5 Bc4 24. b3 Bd5 25. Nxd5 Nxd5 26. Bb2 Bd6+ 27. Kg1 Be5 28. Bxg6 hxg6 29. Bxe5 Rxe5 30. Nf3 Re7 31. Rac1 f6 32. Rd4 Kf7 33. Kg2 Ra6 34. Rc5 Nc7 35. Rd6 Ne6 36. Rc3 Ke8 37. h4 Rb6 38. Nd2 Rb4 39. Nc4 Nc5 40. Nd2 Rxg4+ 41. Kf3 Ne4 42. Kxg4 Nxd6 43. Kf4 Re5 44. e4 Ke7 45. Rg3 Kf7 46. Rd3 Re6 47. f3 Ke7 48. Rc3 Re5 49. Nf1 Rh5 50. Kg4 f5+ 51. exf5 Nxf5 52. Ne3 Rxh4+ 53. Kg5 Kf7 54. Nc4 Rh5+ 55. Kf4 Kf6 56. Ne3 g5+ 57. Ke4 Nxe3 58. Kxe3 g4 0-1

[Event "Oberliga Ost B 2023 2024"]
[Site "?"]
[Date "2024.03.16"]
[Round "8.4"]
[Board "5"]
[White "Minor, Samuel"]
[Black "Duncker, Joachim"]
[Result "1-0"]
[WhiteElo "2224"]
[BlackElo "2077"]
[PlyCount "111"]
[EventDate "2023.10.22"]
[EventType "team-tourn"]
[EventCountry "GER"]
[WhiteTeam "Wiesbadener SV"]
[BlackTeam "Marburg SK"]
[WhiteTeamCountry "GER"]
[BlackTeamCountry "GER"]

1. e4 c5 2. Nf3 d6 3. Bb5+ Nd7 4. O-O a6 5. Bd3 g6 6. Re1 Bg7 7. c3 e6 8. Bf1 Ne7 9. d4 O-O 10. Bf4 e5 11. dxe5 Nxe5 12. Nxe5 Bxe5 13. Bh6 Bg7 14. Bxg7 Kxg7 15. Nd2 Qc7 16. g3 Be6 17. Bg2 Rad8 18. c4 Nc6 19. Qc2 Qe7 20. f4 f6 21. Qc3 Nd4 22. Rac1 Qd7 23. a3 Bh3 24. Bh1 Bg4 25. Qd3 Qa4 26. Bg2 Rfe8 27. h3 Bd7 28. Qc3 Be6 29. g4 Bf7 30. Nf3 Nxf3+ 31. Bxf3 Qd7 32. Kg2 Qe7 33. g5 Be6 34. Re2 Kf7 35. h4 fxg5 36. hxg5 Kg8 37. Qf6 Qxf6 38. gxf6 b5 39. cxb5 axb5 40. e5 dxe5 41. fxe5 Rc8 42. Rd2 c4 43. Kg3 Rc5 44. Re2 Bf5 45. Rce1 Kf7 46. Kf4 Bd3 47. Re3 Bf5 48. Rh1 Rh8 49. Rd1 Be6 50. Rd6 h5 51. Rb6 Rhc8 52. Kg5 R8c7 53. Rb8 c3 54. bxc3 Rxc3 55. Be4 Bf5 56. e6+ 1-0

[Event "Oberliga Ost B 2023 2024"]
[Site "?"]
[Date "2024.03.16"]
[Round "8.4"]
[Board "6"]
[White "Neidhardt, Helge"]
[Black "Gottschalk, Jens"]
[Result "0-1"]
[WhiteElo "1987"]
[BlackElo "2198"]
[PlyCount "108"]
[EventDate "2023.10.22"]
[EventType "team-tourn"]
[EventCountry "GER"]
[WhiteTeam "Marburg SK"]
[BlackTeam "Wiesbadener SV"]
[WhiteTeamCountry "GER"]
[BlackTeamCountry "GER"]

1. d4 Nf6 2. Nf3 g6 3. c4 c5 4. d5 b5 5. cxb5 a6 6. bxa6 Bxa6 7. Nc3 Bg7 8. e4 Bxf1 9. Kxf1 d6 10. g3 Nbd7 11. Kg2 O-O 12. h3 Qa5 13. a4 Rfb8 14. Qc2 Qb4 15. Ra2 Nb6 16. Rd1 Nc4 17. Nd2 Nxd2 18. Bxd2 Qc4 19. Ra3 Rb7 20. b3 Qa6 21. Nb1 Nd7 22. Bc3 Bxc3 23. Qxc3 Rb4 24. Nd2 Ne5 25. Re1 Rd4 26. Re3 Rb8 27. h4 Rbb4 28. h5 Ng4 29. Re1 Nf6 30. hxg6 hxg6 31. f3 Rd3 32. Qc2 Rbd4 33. Nc4 Nd7 34. Re2 Ne5 35. Nxe5 dxe5 36. a5 c4 37. Kf2 Qf6 38. Re3 Rxe3 39. Kxe3 Qg5+ 40. Ke2 Qxg3 41. Ra2 cxb3 42. Qxb3 Rxe4+ 43. Kd2 Qe1+ 44. Kc2 Re2+ 45. Kd3 Re3+ 46. Kc4 Qf1+ 47. Kb4 Rxb3+ 48. Kxb3 Qb5+ 49. Kc3 Qxd5 50. Ra3 Qxf3+ 51. Kb4 Qb7+ 52. Ka4 e4 53. Rb3 Qc6+ 54. Ka3 e3 0-1

[Event "Oberliga Ost B 2023 2024"]
[Site "?"]
[Date "2024.03.16"]
[Round "8.4"]
[Board "7"]
[White "Geske, Bruna"]
[Black "Kuhn, Gerhard"]
[Result "1-0"]
[WhiteElo "2034"]
[BlackElo "1998"]
[PlyCount "67"]
[EventDate "2023.10.22"]
[EventType "team-tourn"]
[EventCountry "GER"]
[WhiteTeam "Wiesbadener SV"]
[BlackTeam "Marburg SK"]
[WhiteTeamCountry "GER"]
[BlackTeamCountry "GER"]

1. e4 c6 2. Nf3 d5 3. d3 dxe4 4. dxe4 Qxd1+ 5. Kxd1 Bg4 6. Be3 Nd7 7. Nbd2 O-O-O 8. h3 Bxf3+ 9. gxf3 e6 10. Rg1 Ngf6 11. a4 Kb8 12. c3 g6 13. Kc2 Bc5 14. h4 Bxe3 15. fxe3 h5 16. Nc4 Kc7 17. Be2 Rhf8 18. b4 Nb6 19. Nb2 Rd7 20. a5 Nc8 21. Nd3 Rfd8 22. c4 Ng8 23. Kc3 Nge7 24. Ne5 Rd2 25. Bd3 Rh2 26. Nxf7 Rg8 27. Rh1 Rxh1 28. Rxh1 Re8 29. Rd1 Nd6 30. Ng5 e5 31. Bf1 b6 32. Ne6+ Kd7 33. Bh3 Rg8 34. c5 1-0

[Event "Oberliga Ost B 2023 2024"]
[Site "?"]
[Date "2024.03.16"]
[Round "8.5"]
[Board "1"]
[White "Bethke, Richard"]
[Black "Galdunts, Sergey"]
[Result "1-0"]
[WhiteElo "2350"]
[BlackElo "2389"]
[PlyCount "103"]
[EventDate "2023.10.22"]
[EventType "team-tourn"]
[EventCountry "GER"]
[WhiteTeam "Neuberg SF"]
[BlackTeam "Moerlenbach Birkenau Freibauer"]
[WhiteTeamCountry "GER"]
[BlackTeamCountry "GER"]

1. e4 e5 2. Nf3 Nc6 3. Bc4 Bc5 4. O-O Nf6 5. d3 d6 6. c3 a6 7. a4 Ba7 8. Re1 O-O 9. h3 h6 10. Nbd2 Ne7 11. d4 Ng6 12. Bf1 c6 13. dxe5 dxe5 14. Qc2 Nh5 15. Nc4 Qf6 16. Ne3 Bxh3 17. Nf5 Bg4 18. Nh2 Bxf5 19. exf5 Ne7 20. g4 Nf4 21. Nf3 Bb8 22. Qe4 Re8 23. Nxe5 Nfd5 24. c4 Ng6 25. Nd7 Bh2+ 26. Kg2 Nh4+ 27. Kxh2 Qd6+ 28. Bf4 Rxe4 29. Bxd6 Rxe1 30. Rxe1 Nf3+ 31. Kg3 Nxe1 32. cxd5 Rd8 33. Be7 Rxd7 34. d6 Nc2 35. Bd3 Nb4 36. Bc4 c5 37. Be6 fxe6 38. fxe6 Rxd6 39. Bxd6 Nd3 40. Kh4 Nxb2 41. g5 Nc4 42. Bxc5 b6 43. Bd4 Kf8 44. f4 Ke7 45. f5 Nd6 46. Kg4 hxg5 47. Kxg5 Ne8 48. Bxb6 Kd6 49. Kg6 Ke5 50. Ba5 Ke4 51. Bc3 Nd6 52. e7 1-0

[Event "Oberliga Ost B 2023 2024"]
[Site "?"]
[Date "2024.03.16"]
[Round "8.5"]
[Board "2"]
[White "Legde, Georg"]
[Black "Kuenstler, Christian"]
[Result "1-0"]
[WhiteElo "2305"]
[BlackElo "2289"]
[PlyCount "79"]
[EventDate "2023.10.22"]
[EventType "team-tourn"]
[EventCountry "GER"]
[WhiteTeam "Moerlenbach Birkenau Freibauer"]
[BlackTeam "Neuberg SF"]
[WhiteTeamCountry "GER"]
[BlackTeamCountry "GER"]

1. c4 e6 2. Nf3 Nf6 3. g3 d5 4. Bg2 Be7 5. O-O O-O 6. b3 c6 7. Bb2 Nbd7 8. d4 b6 9. Qc2 Bb7 10. Nc3 Qb8 11. Rfd1 Rd8 12. e4 Nxe4 13. Nxe4 dxe4 14. Qxe4 Bf6 15. Rd2 c5 16. Qe2 cxd4 17. Nxd4 Bxg2 18. Kxg2 Qb7+ 19. Qf3 Qxf3+ 20. Kxf3 Bxd4 21. Bxd4 Ne5+ 22. Ke2 Nc6 23. Rad1 Kf8 24. Bc3 Rxd2+ 25. Rxd2 Rd8 26. Rxd8+ Nxd8 27. b4 f6 28. b5 Nb7 29. Bb4+ Ke8 30. Kd3 Kd7 31. f4 e5 32. Ke4 Ke6 33. f5+ Kd7 34. Kd5 Nd8 35. c5 Nf7 36. g4 Ng5 37. c6+ Kd8 38. Bf8 g6 39. Bg7 Ke7 40. Bxf6+ 1-0

[Event "Oberliga Ost B 2023 2024"]
[Site "?"]
[Date "2024.03.16"]
[Round "8.5"]
[Board "3"]
[White "Wahedi, Ahmad Siar"]
[Black "Boehmer, Christian"]
[Result "1-0"]
[WhiteElo "2264"]
[BlackElo "2132"]
[PlyCount "69"]
[EventDate "2023.10.22"]
[EventType "team-tourn"]
[EventCountry "GER"]
[WhiteTeam "Neuberg SF"]
[BlackTeam "Moerlenbach Birkenau Freibauer"]
[WhiteTeamCountry "GER"]
[BlackTeamCountry "GER"]

1. d4 d5 2. Nf3 Nf6 3. c4 dxc4 4. e3 Bg4 5. Bxc4 e6 6. Qb3 Bxf3 7. gxf3 Nbd7 8. Qxb7 c5 9. Nc3 Be7 10. d5 Rb8 11. Qa6 exd5 12. Nxd5 O-O 13. Nxe7+ Qxe7 14. Be2 Nd5 15. Qc4 Nb4 16. a3 Ne5 17. Qe4 f5 18. Qb1 Nbc6 19. Qc2 f4 20. O-O Rf6 21. exf4 Ng6 22. f5 Nd4 23. Bc4+ Kh8 24. Qe4 Ne5 25. Kh1 Re8 26. Be6 Nexf3 27. Bf4 Nxe6 28. fxe6 Rxf4 29. Qxf4 Qb7 30. e7 Kg8 31. Rad1 Nd2+ 32. f3 Nxf1 33. Qc4+ Kh8 34. Qf7 Qb5 35. Qxe8+ 1-0

[Event "Oberliga Ost B 2023 2024"]
[Site "?"]
[Date "2024.03.16"]
[Round "8.5"]
[Board "4"]
[White "Wrede, Michael"]
[Black "Lutz, Klaus Juergen"]
[Result "1/2-1/2"]
[WhiteElo "2171"]
[BlackElo "2221"]
[PlyCount "27"]
[EventDate "2023.10.22"]
[EventType "team-tourn"]
[EventCountry "GER"]
[WhiteTeam "Moerlenbach Birkenau Freibauer"]
[BlackTeam "Neuberg SF"]
[WhiteTeamCountry "GER"]
[BlackTeamCountry "GER"]

1. d4 f5 2. Bg5 h6 3. Bh4 g5 4. e3 Nf6 5. Bg3 d6 6. h4 Bg7 7. Nc3 Be6 8. hxg5 hxg5 9. Rxh8+ Bxh8 10. Nh3 g4 11. Ng5 Bg8 12. Qd3 Qd7 13. e4 Nc6 14. d5 1/2-1/2

[Event "Oberliga Ost B 2023 2024"]
[Site "?"]
[Date "2024.03.16"]
[Round "8.5"]
[Board "7"]
[White "Overbeck, Thorsten"]
[Black "Anton, Michael"]
[Result "1-0"]
[WhiteElo "2261"]
[BlackElo "1751"]
[PlyCount "65"]
[EventDate "2023.10.22"]
[EventType "team-tourn"]
[EventCountry "GER"]
[WhiteTeam "Neuberg SF"]
[BlackTeam "Moerlenbach Birkenau Freibauer"]
[WhiteTeamCountry "GER"]
[BlackTeamCountry "GER"]

1. d4 d5 2. c4 e6 3. Nc3 Nf6 4. cxd5 exd5 5. Bg5 c6 6. e3 Be7 7. Qc2 O-O 8. Bd3 Nbd7 9. Nf3 Re8 10. O-O Nf8 11. h3 Ng6 12. Rab1 Bd6 13. Nh4 Nf8 14. Nf5 Bxf5 15. Bxf5 Ng6 16. b4 a6 17. a4 h6 18. Bxf6 Qxf6 19. Bxg6 fxg6 20. b5 axb5 21. axb5 Qg5 22. bxc6 bxc6 23. Rb6 Rxe3 24. Rxc6 Qf4 25. g3 Rxg3+ 26. fxg3 Qxg3+ 27. Qg2 Qe3+ 28. Kh1 Bg3 29. Qf3 Qe8 30. Qxd5+ Kh7 31. Qe4 Qd7 32. Kg2 Bd6 33. Rxd6 1-0

[Event "Oberliga Ost B 2023 2024"]
[Site "?"]
[Date "2024.03.16"]
[Round "8.5"]
[Board "8"]
[White "Dubois De Luchet, Erich"]
[Black "Skarke, Harald"]
[Result "1/2-1/2"]
[WhiteElo "1983"]
[BlackElo "1965"]
[PlyCount "50"]
[EventDate "2023.10.22"]
[EventType "team-tourn"]
[EventCountry "GER"]
[WhiteTeam "Moerlenbach Birkenau Freibauer"]
[BlackTeam "Neuberg SF"]
[WhiteTeamCountry "GER"]
[BlackTeamCountry "GER"]

1. d4 Nf6 2. c4 e6 3. Nf3 b6 4. Nc3 Bb7 5. Bg5 Be7 6. e3 d6 7. Be2 Nbd7 8. O-O O-O 9. Qc2 h6 10. Bh4 a6 11. e4 Nh7 12. Bxe7 Qxe7 13. Bd3 Rfd8 14. Rae1 Nhf8 15. Qd2 c5 16. d5 e5 17. Ne2 Nf6 18. Ng3 Bc8 19. Nf5 Bxf5 20. exf5 Re8 21. Qe2 Qd7 22. Be4 N8h7 23. Nd2 b5 24. b3 bxc4 25. bxc4 Rab8 1/2-1/2

[Event "Oberliga Ost B 2023 2024"]
[Site "?"]
[Date "2024.03.16"]
[Round "8.6"]
[Board "1"]
[White "Konopka, Michal"]
[Black "Mazurek, Robert"]
[Result "1-0"]
[WhiteElo "2327"]
[BlackElo "2244"]
[PlyCount "47"]
[EventDate "2023.10.22"]
[EventType "team-tourn"]
[EventCountry "GER"]
[WhiteTeam "Schoeneck SF"]
[BlackTeam "Gernsheim SK"]
[WhiteTeamCountry "GER"]
[BlackTeamCountry "GER"]

1. Nf3 Nf6 2. g3 e6 3. Bg2 d5 4. O-O Be7 5. c4 dxc4 6. Na3 O-O 7. Nxc4 c5 8. d4 Nc6 9. dxc5 Bxc5 10. a3 a5 11. Qc2 Qe7 12. Nce5 Nxe5 13. Nxe5 Nd7 14. Bf4 Nxe5 15. Bxe5 Ra7 16. Rac1 b6 17. b4 axb4 18. axb4 Bxb4 19. Qxc8 f6 20. Qc6 fxe5 21. Qxb6 Ra2 22. Rc7 Qd8 23. Qb7 Kh8 24. Qxb4 1-0

[Event "Oberliga Ost B 2023 2024"]
[Site "?"]
[Date "2024.03.16"]
[Round "8.6"]
[Board "2"]
[White "Hebbering, Tom Elliot"]
[Black "Nazarenus, Moritz"]
[Result "1-0"]
[WhiteElo "2198"]
[BlackElo "2198"]
[PlyCount "51"]
[EventDate "2023.10.22"]
[EventType "team-tourn"]
[EventCountry "GER"]
[WhiteTeam "Gernsheim SK"]
[BlackTeam "Schoeneck SF"]
[WhiteTeamCountry "GER"]
[BlackTeamCountry "GER"]

1. Nf3 d5 2. c4 c6 3. g3 Nf6 4. Bg2 Bg4 5. Ne5 Bf5 6. cxd5 cxd5 7. O-O e6 8. Nc3 Be7 9. d3 Nbd7 10. Nxd7 Qxd7 11. Qb3 O-O 12. e4 Bg6 13. exd5 Nxd5 14. Nxd5 exd5 15. Bxd5 Rad8 16. Be4 Bc5 17. Re1 Kh8 18. Qxb7 Qxb7 19. Bxb7 Bb4 20. Re5 Bxd3 21. Be3 a6 22. Rd5 Bc4 23. Rxd8 Rxd8 24. Rc1 Bxa2 25. Bxa6 Be6 26. Bc4 1-0

[Event "Oberliga Ost B 2023 2024"]
[Site "?"]
[Date "2024.03.16"]
[Round "8.6"]
[Board "3"]
[White "Heinatz, Thomas"]
[Black "Braun, Vitali"]
[Result "0-1"]
[WhiteElo "2250"]
[BlackElo "2344"]
[PlyCount "64"]
[EventDate "2023.10.22"]
[EventType "team-tourn"]
[EventCountry "GER"]
[WhiteTeam "Schoeneck SF"]
[BlackTeam "Gernsheim SK"]
[WhiteTeamCountry "GER"]
[BlackTeamCountry "GER"]

1. e4 e6 2. d4 d5 3. e5 c5 4. c3 Nc6 5. Nf3 Bd7 6. dxc5 Bxc5 7. Bd3 f6 8. b4 Bb6 9. b5 Na5 10. O-O f5 11. Ng5 Nh6 12. Qh5+ Kf8 13. Nd2 Rc8 14. Ba3+ Kg8 15. Rac1 Be8 16. Qh4 Nf7 17. Ndf3 Nc4 18. Nxe6 Qxh4 19. Nxh4 Nxa3 20. Nxf5 Bc5 21. Rfe1 g6 22. Nfd4 Nc4 23. f4 Bxb5 24. Nxc5 Rxc5 25. Rb1 Ba6 26. g4 Rc8 27. Bxc4 Rxc4 28. Re3 Kf8 29. Kf2 Ke7 30. f5 Ng5 31. Kg3 Ne4+ 32. Kf4 g5+ 0-1

[Event "Oberliga Ost B 2023 2024"]
[Site "?"]
[Date "2024.03.16"]
[Round "8.6"]
[Board "5"]
[White "Meyer, Kai Christian"]
[Black "Borchert, Rene"]
[Result "1/2-1/2"]
[WhiteElo "2179"]
[BlackElo "2231"]
[PlyCount "71"]
[EventDate "2023.10.22"]
[EventType "team-tourn"]
[EventCountry "GER"]
[WhiteTeam "Schoeneck SF"]
[BlackTeam "Gernsheim SK"]
[WhiteTeamCountry "GER"]
[BlackTeamCountry "GER"]

1. g3 d5 2. Bg2 Nf6 3. Nf3 c5 4. c4 Nc6 5. O-O e6 6. cxd5 Nxd5 7. d4 cxd4 8. Nxd4 Be7 9. Nxc6 bxc6 10. Qa4 Bd7 11. Rd1 O-O 12. Nc3 Qc7 13. e4 Nxc3 14. bxc3 Rfd8 15. Be3 c5 16. Qc4 e5 17. Qa6 Be6 18. Bf1 Rxd1 19. Rxd1 Qb6 20. a4 Qb3 21. Be2 h6 22. a5 c4 23. Kg2 Qc2 24. Bf3 Bg5 25. Bxg5 hxg5 26. g4 Qxc3 27. Qb7 Rc8 28. Qxa7 Qa3 29. Qb6 c3 30. Rd8+ Kh7 31. Rxc8 Bxc8 32. Qc7 Ba6 33. Bd1 Qc1 34. Qxf7 Bf1+ 35. Kg1 Qxd1 36. Qh5+ 1/2-1/2

[Event "Oberliga Ost B 2023 2024"]
[Site "?"]
[Date "2024.03.16"]
[Round "8.6"]
[Board "6"]
[White "Schupp, Uwe"]
[Black "Loemker, Axel"]
[Result "1-0"]
[WhiteElo "2039"]
[BlackElo "2131"]
[PlyCount "59"]
[EventDate "2023.10.22"]
[EventType "team-tourn"]
[EventCountry "GER"]
[WhiteTeam "Gernsheim SK"]
[BlackTeam "Schoeneck SF"]
[WhiteTeamCountry "GER"]
[BlackTeamCountry "GER"]

1. g3 Nf6 2. Bg2 d5 3. c4 e6 4. Nf3 Be7 5. O-O O-O 6. b3 b6 7. Bb2 Bb7 8. e3 Nbd7 9. Qe2 c5 10. d3 Qc7 11. Nc3 Rad8 12. Rad1 a6 13. Ne1 Nb8 14. f4 dxc4 15. bxc4 Bxg2 16. Qxg2 Rd7 17. g4 Rfd8 18. g5 Nh5 19. Qg4 g6 20. Rf3 b5 21. cxb5 axb5 22. Ne4 c4 23. Rh3 cxd3 24. Rxh5 gxh5 25. Qxh5 d2 26. Qh6 dxe1=Q+ 27. Rxe1 f6 28. g6 hxg6 29. Qxg6+ Kf8 30. Ng5 1-0

[Event "Oberliga Ost B 2023 2024"]
[Site "?"]
[Date "2024.03.16"]
[Round "8.6"]
[Board "8"]
[White "Di Capua, Francesco Stefano"]
[Black "Tiggemann, Felix"]
[Result "1-0"]
[WhiteElo "1993"]
[BlackElo "1796"]
[PlyCount "33"]
[EventDate "2023.10.22"]
[EventType "team-tourn"]
[EventCountry "GER"]
[WhiteTeam "Gernsheim SK"]
[BlackTeam "Schoeneck SF"]
[WhiteTeamCountry "GER"]
[BlackTeamCountry "GER"]

1. e4 e6 2. b3 d5 3. Bb2 dxe4 4. Nc3 Nf6 5. Qe2 Bb4 6. O-O-O Bxc3 7. dxc3 Qe7 8. g4 h6 9. Bg2 Bd7 10. h4 e5 11. g5 hxg5 12. hxg5 Nh7 13. Bxe4 Qxg5+ 14. Kb1 Nc6 15. Rh5 Bg4 16. Bxc6+ bxc6 17. Rxg5 1-0

[Event "Oberliga Ost B 2023 2024"]
[Site "?"]
[Date "2024.03.17"]
[Round "9.1"]
[Board "1"]
[White "Sadeghi, Behrang"]
[Black "Visakh N R"]
[Result "1/2-1/2"]
[WhiteElo "2220"]
[BlackElo "2521"]
[PlyCount "109"]
[EventDate "2023.10.22"]
[EventType "team-tourn"]
[EventCountry "GER"]
[WhiteTeam "Homburg Bad SK"]
[BlackTeam "Heusenstamm SC"]
[WhiteTeamCountry "GER"]
[BlackTeamCountry "GER"]

1. e4 e5 2. Nf3 Nc6 3. Bb5 Nge7 4. c3 d5 5. Nxe5 dxe4 6. d4 exd3 7. Nxc6 Nxc6 8. Qxd3 Bd6 9. Qe2+ Be6 10. Bc4 O-O 11. Bxe6 fxe6 12. Nd2 Ne5 13. Ne4 Qe8 14. Be3 Rd8 15. Bg5 Be7 16. O-O Rd5 17. Bxe7 Qxe7 18. Rad1 Rfd8 19. Rxd5 exd5 20. Ng3 Ng6 21. Re1 Qf7 22. a3 c5 23. Rd1 Nf4 24. Qd2 Rf8 25. Ne2 Ne6 26. Ng3 d4 27. cxd4 Nxd4 28. f3 Rd8 29. Kh1 h6 30. Ne4 b6 31. Re1 Ne6 32. Qc3 Nf4 33. Qc2 Qg6 34. Rg1 Kh8 35. b4 Nd3 36. bxc5 bxc5 37. h3 Qf5 38. Rb1 Qd5 39. Rd1 Qd4 40. Rb1 c4 41. Qd2 Rc8 42. Qc3 Qxc3 43. Nxc3 Rc7 44. h4 Kh7 45. Rb8 Kg6 46. g3 Rd7 47. Rc8 Nb2 48. Ne4 Rd3 49. Rc6+ Kf5 50. Nd6+ Ke5 51. Nxc4+ Nxc4 52. Rxc4 Rxf3 53. Rc7 Rxg3 54. Rxa7 Rg4 55. Ra5+ 1/2-1/2

[Event "Oberliga Ost B 2023 2024"]
[Site "?"]
[Date "2024.03.17"]
[Round "9.1"]
[Board "2"]
[White "Sadzikowski, Daniel"]
[Black "Lesny, Florian"]
[Result "0-1"]
[WhiteElo "2502"]
[BlackElo "2207"]
[PlyCount "132"]
[EventDate "2023.10.22"]
[EventType "team-tourn"]
[EventCountry "GER"]
[WhiteTeam "Heusenstamm SC"]
[BlackTeam "Homburg Bad SK"]
[WhiteTeamCountry "GER"]
[BlackTeamCountry "GER"]

1. Nf3 d5 2. g3 Nf6 3. Bg2 e6 4. O-O Be7 5. c4 O-O 6. d4 c6 7. Nbd2 b6 8. b3 Bb7 9. Bb2 Nbd7 10. e3 Rc8 11. Qe2 Rc7 12. Rfd1 Qa8 13. e4 dxe4 14. Nxe4 c5 15. Nc3 cxd4 16. Nb5 Rcc8 17. Rxd4 Nc5 18. Nd6 Bxd6 19. Rxd6 Nce4 20. Rdd1 Rfd8 21. Ne5 Nc5 22. f3 Ncd7 23. Nxd7 Nxd7 24. Rd2 Nf6 25. Rad1 Rxd2 26. Rxd2 Rd8 27. Qd1 Rxd2 28. Qxd2 Qc8 29. Kf2 Qd7 30. Qxd7 Nxd7 31. Bh3 f5 32. Ke3 Kf7 33. b4 g6 34. f4 Ke7 35. Bg7 Be4 36. Bf1 Kd6 37. Kd4 Kc6 38. Be5 Bf3 39. a3 a6 40. Bd3 Bg2 41. Bc2 b5 42. Bb3 Nb6 43. cxb5+ axb5 44. Bxe6 Bd5 45. Bxd5+ Nxd5 46. h3 Nb6 47. g4 Nd7 48. g5 Nb6 49. Bf6 Kd6 50. Be5+ Kc6 51. Bb8 Nd7 52. Ba7 Kd6 53. h4 Ke6 54. Bb8 Nxb8 55. Kc5 Kd7 56. Kxb5 Kc7 57. a4 Nd7 58. Ka6 Kb8 59. a5 Nf8 60. Kb6 Ne6 61. b5 Nxf4 62. Kc6 Ne6 63. b6 f4 64. a6 Nd8+ 65. Kd7 Nb7 66. Kc6 f3 0-1

[Event "Oberliga Ost B 2023 2024"]
[Site "?"]
[Date "2024.03.17"]
[Round "9.1"]
[Board "3"]
[White "Lenz, Jonas"]
[Black "Poetsch, Hagen"]
[Result "0-1"]
[WhiteElo "2151"]
[BlackElo "2455"]
[PlyCount "104"]
[EventDate "2023.10.22"]
[EventType "team-tourn"]
[EventCountry "GER"]
[WhiteTeam "Homburg Bad SK"]
[BlackTeam "Heusenstamm SC"]
[WhiteTeamCountry "GER"]
[BlackTeamCountry "GER"]

1. d4 Nf6 2. c4 e6 3. g3 d5 4. Nf3 Be7 5. Bg2 O-O 6. O-O c6 7. Qc2 b6 8. Nbd2 Bb7 9. e4 Na6 10. a3 c5 11. exd5 exd5 12. dxc5 Nxc5 13. b4 Nce4 14. Bb2 Rc8 15. Rad1 dxc4 16. Ng5 Nxg5 17. Bxb7 Rc7 18. Bg2 Nd7 19. Ne4 Nxe4 20. Bxe4 Bf6 21. Bxh7+ Kh8 22. Bf5 Bxb2 23. Qxb2 Qf6 24. Qxf6 Nxf6 25. a4 g6 26. Bc2 Re8 27. Rd4 Re2 28. Rc1 c3 29. Bd3 Rd2 30. Rc4 Rxc4 31. Bxc4 Ne4 32. f3 c2 33. Bb3 Ng5 34. Rxc2 Nxf3+ 35. Kf1 Nxh2+ 36. Ke1 Nf3+ 37. Kf1 Rxc2 38. Bxc2 Kg7 39. Kf2 Nd4 40. Bd1 Kf6 41. Ke3 Ke5 42. Kd3 Nf5 43. Bb3 f6 44. Bf7 g5 45. g4 Nh6 46. Bh5 Kf4 47. Kc4 Nxg4 48. Kb5 Ne5 49. Ka6 g4 50. Bxg4 Kxg4 51. Kxa7 Nc4 52. Ka6 f5 0-1